000 00754nam a22002417a 4500
003 UA-OsUOA
001 81173
007 ta
008 20120120b un ||||| |||| 00| 0 ukr d
100 _aХомутенко В.П.
700 _aЧередніченко А.П.
700 _aВолкова О.Г.
090 _a330(477)
_bХ76
942 _cSA
040 _aUA-OsUOA
_bukr
_cUA-OsUOA
_dUA-OsUOA
245 _aПроцедура банкрутства національних кредитних спілок; проблемні питання
300 _aС.85-93
955 _a0
041 _aukr
080 _a330(477)
773 0 _w81166
_tФінанси України
_dК.
_d2011
_g10
650 7 _a330 Економіка взагалі
_2UDC
999 _c367482
_d367482